| 000 | 00614nam a2200145 a 4500 | ||
|---|---|---|---|
| 001 | 000033883 | ||
| 005 | 20200930070609.0 | ||
| 008 | 110914s vc 000 0 spa d | ||
| 100 | 1 |
_aJuan Pablo _bII _cPapa, _d1920-2005. _910991 |
|
| 245 | 1 | 0 |
_aCarta encíclica Fides et Ratio del sumo pontífice Juan Pablo II : _ba los obispo de la Iglesia Católica sobre las relaciones entre fe y razón. / _cJuan Pablo II. |
| 260 |
_aCiudad del Vaticano : _bLibrería Editrice Vaticana, _c[208?]. |
||
| 300 |
_a161 p. ; _c23 cm. |
||
| 500 | _aIncluye referencias bilbiográficas y notas al pie de las páginas | ||
| 999 |
_c33374 _d33374 |
||
| 040 | _aDO-SdBNP | ||